[Event "IND-ch U13 Girls"]
[Site "Secunderabad"]
[Date "2023.12.07"]
[Round "7"]
[White "Anushka, Jain"]
[Black "Goddeti, Hima Tejaswini"]
[Result "1/2-1/2"]
[WhiteElo "1359"]
[BlackElo "1507"]
[PlyCount "67"]
[EventDate "2023.12.04"]
[EventType "swiss"]
[EventRounds "11"]
[EventCountry "IND"]
[SourceTitle "EXT 2025"]
[Source "ChessBase"]
[SourceDate "2024.10.14"]
[SourceVersion "1"]
[SourceVersionDate "2024.10.14"]
[SourceQuality "1"]

1. f4 d5 2. Nf3 g6 3. g3 Bg7 4. Bg2 Nf6 5. d3 0-0 6. 0-0 c5 7. c3 Nc6 8. Na3 b6 9. e4 Bb7 10. e5 Ne8 11. d4 cxd4 12. cxd4 Nc7 13. Bh3 f5 14. Be3 Bh6 15. Nh4 e6 16. Nf3 Ba6 17. Rf2 Na5 18. b3 Qe7 19. Nc2 Rac8 20. Bd2 Nc6 21. Bf1 Bxf1 22. Qxf1 Qd7 23. b4 a5 24. a3 Ra8 25. b5 Na7 26. a4 Rfc8 27. Ne3 Ne8 28. Ne1 Bf8 29. N1c2 Kh8 30. Kh1 Ng7 31. Kg1 Be7 32. Qg2 g5 33. Kf1 gxf4 34. gxf4 1/2-1/2